Líná zahrada /

Hlavní autor: Suchánková, Alena, 1964-
Jazyk: Čeština
Vydáno: Brno : Tribun EU s.r.o., 2019
Vydání: V nakladatelství Tribun vydání první
Témata:
Fyzický popis: 126 stran, 10 nečíslovaných stran obrazových příloh : ilustrace (převážně barevné) ; 22 cm
Knihy
Uloženo v:
LEADER 02025nam a2200553 i 4500
001 nkc20203171542
003 CZ PrNK
005 20241004125132.0
007 ta
008 200116s2019 xr af e f 000 0 cze
015 |a cnb003171542 
020 |a 978-80-263-1499-8  |q (vázáno) 
035 |a (OCoLC)1143828155 
040 |a BOA001  |b cze  |d ABA001  |e rda 
072 7 |a 635  |x Zahrádkářství  |2 Konspekt  |9 24 
080 |a 634/635:631.147  |2 MRF 
080 |a 635.047  |2 MRF 
080 |a 502.131.1:316.728  |2 MRF 
080 |a 632.937  |2 MRF 
080 |a 502.1  |2 MRF 
080 |a (035)  |2 MRF 
100 1 |a Suchánková, Alena,  |d 1964-  |7 mzk20201063178  |4 aut 
245 1 0 |a Líná zahrada /  |c Alena Suchánková 
250 |a V nakladatelství Tribun vydání první 
264 1 |a Brno :  |b Tribun EU s.r.o.,  |c 2019 
300 |a 126 stran, 10 nečíslovaných stran obrazových příloh :  |b ilustrace (převážně barevné) ;  |c 22 cm 
336 |a text  |b txt  |2 rdacontent 
337 |a bez média  |b n  |2 rdamedia 
338 |a svazek  |b nc  |2 rdacarrier 
500 |a 200 výtisků 
504 |a Obsahuje bibliografické odkazy 
650 0 7 |a ekologické zahrádkářství  |7 ph134767  |2 czenas 
650 0 7 |a zakládání zahrad  |7 ph249433  |2 czenas 
650 0 7 |a permakultura  |7 ph616543  |2 czenas 
650 0 7 |a biologická ochrana rostlin  |7 ph118899  |2 czenas 
650 0 7 |a člověk a příroda  |7 ph116877  |2 czenas 
650 0 9 |a ecological gardening  |2 eczenas 
650 0 9 |a laying out gardens  |2 eczenas 
650 0 9 |a permaculture  |2 eczenas 
650 0 9 |a biological plant control  |2 eczenas 
650 0 9 |a man and nature  |2 eczenas 
655 7 |a příručky  |7 fd133209  |2 czenas 
655 9 |a handbooks and manuals  |2 eczenas 
910 2 |a BOA001  |b 2-1441.837 
990 |a BK 
995 |a 01 
991 |b 202001  |c NOV 
996 6 |b 2610812392  |c 2-1441.837  |l MZK  |r Sklad / do 1 hodiny  |n 2  |p p.v.  |w 001777296  |u 000010  |a 1  |e BOA001  |j MZK50  |s P 
996 7 |b 2610812393  |c 2-1441.837  |l Vol.výběr  |r VV 1p  |n 17  |p p.v.  |h 635 SUC  |w 001777296  |u 000020  |a 0  |e BOA001  |j MZK50  |s A